|
|
|
|
| LEADER |
01181nam a2200289 a 4500 |
| 001 |
7303 |
| 003 |
BD-DhAAL |
| 005 |
20151119103822.0 |
| 008 |
151119s1993 bg 000 0 beno |
| 010 |
|
|
|a 93911590
|
| 020 |
|
|
|a 9844650143 :
|c Tk50.00
|
| 040 |
|
|
|a DLC
|c DLC
|d BD-DhAAL
|
| 050 |
0 |
0 |
|a HN690.6.A8
|b R36 1993
|
| 082 |
|
|
|a 306/.095492
|
| 100 |
1 |
|
|a রহমান, ঊর্মি
|9 16355
|
| 245 |
1 |
0 |
|a ব্রিক লেন:
|b বিলেতের বাঙালিটোলা /
|c ঊর্মি রহমান.
|
| 260 |
|
|
|a ঢাকা :
|b সাহিত্য প্রকাশ,
|c ১৯৯৩.
|
| 300 |
|
|
|a ৭৯ পৃ. ;
|c ২২ সে.মি..
|
| 500 |
|
|
|a In Bengali.
|
| 520 |
|
|
|a On the socioeconomic conditions of the Bengalis and immigrated settled in London since 1960.
|
| 541 |
|
|
|e 7303
|
| 651 |
|
0 |
|a Bangladesh
|x Social conditions.
|9 16356
|
| 651 |
|
0 |
|a Bangladesh
|z Economic conditions.
|9 16357
|
| 740 |
0 |
|
|a Biletera Bāṅāliṭola.
|
| 942 |
|
|
|2 ddc
|c BK
|
| 999 |
|
|
|c 36234
|d 36234
|
| 952 |
|
|
|0 0
|1 0
|2 ddc
|4 0
|6 306_000000000000000__095492_RAH
|7 0
|9 56975
|a SCL
|b SCL
|c GEN
|d 2015-11-19
|g 38.00
|l 0
|o 306.095492 RAH
|p 3020007303
|r 2015-11-19
|t 1
|w 2015-11-19
|y BK
|